000 00348nam a2200157Ia 4500
100 _aRajasekaran/S
650 _aNeural networks
942 _cBK
366 _f25
654 _aneural networks
245 _aNeural Networks
260 _bPrentice -Hall of India
_c2003
082 _a4.65
_bRAJ
300 _a439
546 _aENGLISH
_cPAMPHALETS
999 _c26151
_d26151